00885nam a22002297a 4500003000900000005001700009008004500026040002200071092001700093100002500110245011300135260005400248300003100302500007700333504003200410700004000442942001200482945002700494952010300521956001600624999001500640DO-SdBNP20180124132008.0151112b 2007 dr ||||| |||| 00| 0 spa d aBPMSUbspacBPMSU axxxxxbxxxxx1 aVeras Aybar, Ángel10aEstado : baparición, fusión y extinción /cÁngel Veras Aybar ; prólogo Santiago Castro Ventura.  aSanto Domingo :bVeras Aybar & Asociados, c2007. a267 p. : bil. ; g21 cm.  aIncluye datos biográficos del autor en la solapa de la contracubierta. aBibliografía : p. 259-26712aCastro Ventura, Santiago, cpról. 2ddccBK aInventariado, 2018 /LP 00102ddc40708CDaBPMETbBPMETd2015-11-12eFUNDIl0pBPMSU15110213r2015-11-12w2015-11-12yBK aLOPEREZb10 c8663d8663